Un footballeur pour chaque pays - Lettres D et E - Statistiques

Statistiques générales
  • Ce quiz a été pris 102 fois
  • Le résultat moyen est 6 sur 13
Statistiques - réponses
Pays Réponses % Correct
Égypte Salah, Mohamed, Trezeguet, Hassan, Hegazi, El Hadary, Elneny, Elmohamadi, Ghazal, Kahraba
99%
Espagne Casillas, Iniesta, Xavi, Raul, Puyol, Ramos, Alonso, Rodri, Thiago, Torres
97%
Danemark Schmeichel, Laudrup, Eriksen, Braithwaite, Christensen, Kjaer, Wass, Delaney, Hojbjerg, Hojlund
96%
États-Unis Pulisic, Reyna, Musah, McKennie, Dempsey, Howard, Brooks, Dest, Robinson, Weah
90%
Écosse Dalglish, Robertson, Tierney, Fraser, McGinn, McGregor, McTominay, Forrest, Fletcher, Love
87%
Équateur Valencia, Caicedo, Hincapie, Estupinan, Plata, Mena, Noboa, Montero, Benitez, Ibarra
69%
Estonie Klavan, Vassiljev, Lindpere, Pareiko, Mets, Ojamaa, Hein, Baranov, Kallaste, Kait
16%
Djibouti Elmi, Hassan, Akinbinu, Daher, Bileck, Farah Ali, Mbonihankuye, Farada, Warsama, Mahabeh
4%
Émirats arabes unis Caio, Abdulrahman, Al Ahbabi, Eissa, Nader, Barman, Autonne, Ahmed, Juma, Maroof
3%
Érythrée Goitom, Saeid, Efrem, Hagos, Shimangus, Teklerb, Tekie, Seleman, Debesa, Alexander
2%
Éthiopie Askar, Zambataro, Atta, Panom, Bayeh, Gebremichael, Kebede, Worku, Debede, Yohannes
1%
Dominique Prince, Benjamin, Wade, Laville, Bertrand, Joseph, Williams, Jno Hope, Thomas, Sandy
1%
Eswatini Tsabedze, Badenhorst, Mdluli, Ndzinisa, Shabalala, Dlamini, Figuareido, Mamba, Ndlovu, Gamedze
0%
Aucun quiz correspondant
Distribution des résultats
% des personnes avec chaque résultat
Percentile par nombre de réponses
Votre historique - résultats
Vous n’avez pas pris ce quiz